000 00400nam a22001577a 4500
005 20251108175953.0
008 250721s9999 xx 000 0 eng d
082 1 4 _aJ/F/HUN
245 1 4 _aThe Hunchback of notredame /
264 1 _aloughborough :
_bladybird books,
300 _a28P.
650 1 7 _afiction
653 _aناشئون صغار(10-14)سنة
942 _2ddc
_cBK
999 _c146721
_d146721